| 000 | 00830cam a2200265u 4500 | ||
|---|---|---|---|
| 001 | 15060 | ||
| 003 | BD-RjUL | ||
| 005 | 20211208235737.0 | ||
| 008 | 140209s1948 nyu 001 0 eng | ||
| 035 | _a(BD-RjUL)15114 | ||
| 040 |
_aDLC _cCarP _dDLC _dBD-RjUL _beng |
||
| 041 | _aeng | ||
| 082 | 0 | 4 |
_220 _a657.6 _bBYA 1948 |
| 100 | 1 |
_aByrnes, Thomas William, _d1880- _946890 |
|
| 245 | 1 | 0 |
_aAuditing : _bWith practice problems / _c Thomas William Byrnes, K. Lanneau Baker and C. Aubrey Smith. |
| 260 |
_aNew York : _bRonald Press Co., _c1948. |
||
| 300 |
_ax, 738 p. ; _c24 cm. |
||
| 504 | _aIncludes index. | ||
| 650 | 0 |
_aAuditing. _923295 |
|
| 700 | 1 |
_aBaker, Keith Lanneau, _d1882- _9230315 |
|
| 700 | 1 |
_aSmith, C. Aubrey _q(Charles Aubrey), _d1901- _9230316 |
|
| 942 |
_2ddc _cBK |
||
| 999 |
_c15060 _d15060 |
||